000 00318 a2200109 4500
001 ART_11007
005 20260410161849.0
008 260409a
245 1 0 _aLa deuda externa Argentina
100 1 _aRodríguez, Carlos Alfredo
773 0 _tEconómica
_g- Año XXXII,Nº 2 (jul./dic. 1986)
_wREV7541
999 _c24850
_d24850